| 000 | 01273nam a22003617a 4500 | ||
|---|---|---|---|
| 003 | CHAP | ||
| 005 | 20220817044155.0 | ||
| 008 | 070627d1998 mx a r 00110 spa d | ||
| 010 | _a93810 | ||
| 011 | _a94782 | ||
| 035 | _a105379 | ||
| 040 | _cCHAP | ||
| 090 | _aFolleto 17295 | ||
| 110 | 2 |
_aStoller Enterprises de México _9109869 |
|
| 245 | 1 | 0 |
_aCaña de azúcar: _bguía de identificación de deficiencias _c/por Stoller Enterprises de México |
| 260 |
_aLeón, Gto. : _bStoller Enterprises de México, _cc.1998. |
||
| 300 |
_a2 p. : _bilus. |
||
| 590 |
_aBATCH-UPD _b10 _c20130110 _lUCH01 _h0704 |
||
| 590 |
_aBATCH-UPD _b10 _c20130410 _lUCH01 _h0350 |
||
| 590 |
_aBATCH-UPD _b10 _c20130914 _lUCH01 _h0837 |
||
| 590 |
_aCONVERSION _b10 _c20130109 _lUCH01 _h1352 |
||
| 650 | 1 | 4 |
_aCaña de azúcar _xElementos minerales. _918597 |
| 650 | 1 | 4 |
_aCaña de azúcar _xEnfermedades. _918598 |
| 650 | 1 | 4 |
_aFertilización foliar. _940445 |
| 650 | 1 | 4 |
_aFertilizantes _xEfecto en caña de azúcar. |
| 650 | 1 | 4 |
_aPlantas _xElementos menores. _988822 |
| 650 | 1 | 4 |
_aPlantas _xElementos minerales. _988823 |
| 650 | 1 | 4 |
_aPlantas _xNutrición. _988874 |
| 901 | _aBK | ||
| 905 | _aMarco A. Mendoza T. | ||
| 942 | _cFOLL | ||
| 949 |
_aFolleto 17295 _bBC _cFOLL _d33724002033918 _eTS1 _i105379 _sb |
||
| 999 |
_c93810 _d93810 |
||